000 00929nam0a22002651 4500
001 rc\224221
005 20250621003357.0
010 _a5-640-00521-1
_91500
035 _a(NLR Aleph) 005478014
090 _a5101757
_c5101757
100 _a20030307d1990 |||y0rusy50 ca
101 0 _arus
102 _aRU
105 _ay |||||||||
200 1 _aИнтенсификация использования основных фондов
210 _aТашкент
_cУзбекистон
_d1990
215 _a183 с.
_d20
300 _aПеред вып. дан. авт.: Борис Анатольевич Убайдов, Саифулла Сафарович Хаитов
700 1 _aУбайдов
_bБ.А.
_gБахор Амкирович
701 1 _aХаитов
_bС.С.
_gСайфулло Сафарович
801 0 _aRU
_bNLR
_gpsbo
801 1 _aRU
_bELAR
_2rusmarc
852 _aNLR
_j90-3/13586
942 _cBOOK
980 _aNB